000 01028nam a2200325 i 4500
003 EG-GICUC
005 20260218113412.0
008 260218s1973 ie ||fr|||| 000 0 eng d
040 _aEG-GiCUC
_beng
_cEG-GiCUC
_dEG-GiCUC
_erda
041 0 _aeng
082 0 4 _221
_a341.0415
_bBY . I
092 0 4 _221
099 _aLaw1 11 341.0415 BY . I 2 ed - 1990
100 1 _aByrne, Raymond
_eAuthor.
245 1 4 _a The Irish Legal System /
_cBy Raymond Byrne, And J Paul Mccutcheon.
250 _aSecond Edition.
264 1 _aIreland :
_bButterworth,
_c1990.
300 _a384 pages,
_c24 cm
336 _2rda content
_atext
337 _2rda media
_aComputer
338 _2rda carrier
_aOnline Resource
500 _a`
504 _aIncludes bibliographical references and index.
546 _aText in English
650 1 4 _aPublic international law
700 1 _aMccutcheon, J Paul
_ejoint author.
856 4 0 _uhttps://fll.law.cu.edu.eg/fulltext/bks/B11-08074.pdf
905 _a48
942 _2ddc
_cBK
_e21
_n0
999 _c63530
_d63530